000 00590cam a22002053a 4500
001 44330
003 PGUSA
005 20140828084019.0
008 131201s2013||||xxu|||||s|||||000 | eng d
040 _aPGUSA
_beng
042 _adc
100 1 _aLockhart, J. G.
_q(John Gibson),
_d1794-1854
245 1 0 _aValerius. A Roman Story
_h[electronic resource] /
_cJ. G. Lockhart
260 _bProject Gutenberg,
_c2013
506 _aPublic domain in the USA.
516 _aElectronic text
830 0 _aProject Gutenberg
_v44330
856 4 0 _uhttp://www.gutenberg.org/ebooks/44330
942 _cEB
999 _c273581
_d273581